Statistics for The Phoenix - Fall Out Boy

Click here to take the quiz!

General Stats

  • This quiz has been taken 30 times
  • The average score is 45 of 56

Answer Stats

LineMissing lyric% Correct
So we can take the world back from the heart-________Attacked
92%
Hey young _____Blood
92%
So dance alone to the beat of your _____Heart
92%
Put on your war _____Paint
92%
Doesn't it feel like our ____ is running out?Time
92%
Strike a _____ and I’ll burn you to the groundMatch
88%
So come __On
88%
Put on your war _____Paint
88%
Then I'll _____ you like a phoenixRaise
88%
So we can take the world back from the heart-______Attacked
85%
Hey young _____Blood
85%
I'm gonna ______ you like a remixChange
85%
Silver clouds with ____ liningsgrey
85%
So dance alone to the beat of your _____Heart
85%
We are the jack-o-lanterns in ____July
85%
One ______ at a time we will take it backManiac
85%
Get hitched and make a career out of _______ banksRobbing
85%
Setting fire to the ___Sky
85%
Doesn't it feel like our ____ is running out?Time
85%
No, I think it looked a little ______ on meBetter
81%
No, I think it looked a little ______ on meBetter
81%
Heeeeeeeeeeeey young _____Blood
81%
I'm gonna ______ you like a remixChange
81%
I'm gonna ______ you like a remixChange
81%
I'm gonna _____ you like a remixChange
81%
Then I'll _____ you like a phoenixRaise
81%
Then I'll _____ you like a phoenixRaise
81%
Doesn't it feel like our ____ is running out?Time
81%
Before it's _____Begun
77%
Because the world is just a teller and we are wearing _____ masksBlack
77%
Hey young _____Blood
77%
I'm gonna ______ you like a remixChange
77%
I'm gonna ______ you like a remixChange
77%
Release the _____Doves
77%
One _____ at a time we will take it backManiac
77%
Put on your war _____Paint
77%
Then I'll raise you like a _______Phoenix
77%
Then I'll _____ you like a phoenixRaise
77%
Then I'll _____ you like a phoenixRaise
77%
Then I'll _____ you like a phoenixRaise
77%
I'm gonna change you like a _____Remix
77%
You know time crawls on when you're waiting for the ____ to startSong
77%
Doesn't it feel like our ____ is running out?Time
77%
Wearing our ______ miseryVintage
77%
No, I think it looked a little ______ on meBetter
73%
You are a ____ tied to me that’s dragging me downBrick
73%
Surrender ____Love
73%
Put on your war _____Paint
73%
You know time crawls on when you're waiting for the ____ to startSong
73%
He-here comes this rising ____Tide
73%
Wearing our ______ miseryVintage
73%
The war is ___Won
73%
Bring home the boys and ____ ____ metal the tanksScrap
69%
Wearing our _______ miseryVintage
69%
Cross _____ and crossed hearts and hope-to-diesWalks
65%
"You broke our spirit," says the ____ we passNote
46%

Score Distribution

Percentile by Number Answered

Percent of People with Each Score

Your Score History

You have not taken this quiz